000 00800nam a22002297a 4500
003 OSt
005 20240530110427.0
008 150326s2013 ua ao f 000 0 eng d
020 _a9789779010519
040 _aEG-CaGPL
_cEG-CaGPL
082 0 4 _221
_a616.951\
_bM E
100 0 _aMohamed Abdel Rahim Abdallah
245 1 0 _aEgyptian Atlas Sexually Transmitted Infections Gential Dermatology National Guidelines /
_cEditors Mohamed Abdel Rahim Abdallah , Adel Botros Zaghloul
250 _a1st ed.
260 _aCairo :
_bMohamed Abdel Rahim Abdallah ,
_c2013.
300 _a90 p. :
_bcol. ill. ;
_c24 cm.
650 0 _aDermatology , Gential
650 0 _aSexually Transmitted Diseases
_xAtlases
700 0 _aAdel Botros Zaghloul
_eJoint Author
942 _2ddc
_cBK
999 _c60777
_d60777